Vzťahová väzba v kontexte problematiky CAN

Bibliographic Details
Main Author: Lipanová, Lenka (Author)
Format: Article
Language:Slovak
ISSN:1336-9679
Subjects:

MARC

LEADER 00000nab a2200000 4500
001 vtls011984475
003 SK-MaSNL
005 20260303100629.0
008 200729|2020 xo |||| ||an ||00 0|slo
015 |a SNBRB2020/07 
040 |a SPKCL  |b slo  |e rda 
041 |a slo 
044 |a xo  |c SK 
072 7 |a 364.3  |x Sociálne poistenie. Zdravotné poistenie. Dôchodky  |2 konspekt 
080 |a 364.63-027.553  |2 2011 
100 1 |a Lipanová, Lenka  |4 aut  |9 1111514 
245 1 0 |a Vzťahová väzba v kontexte problematiky CAN  |c Lenka Lipanová 
336 |a text  |b txt  |2 rdacontent 
337 |a bez média  |b n  |2 rdamedia 
338 |a zväzok  |b nc  |2 rdacarrier 
504 |a Obsahuje bibliografiu 
546 |a Slovenské resumé 
650 0 7 |a domáce násilie  |2 SNKPH  |9 3888 
773 0 |t Sociálna prevencia  |g Roč. 15, č. 1 (2020), s. 22-[25]  |x 1336-9679 
787 0 8 |i Rec.: 
856 4 1 |a http://www.infodrogy.sk/index.cfm?module=Library&page=Document&DocumentID=1067 
999 |c 1833966  |d 1835896